KOHA-Header-6

Introduction To Parallel Computing (Record no. 6691)

000 -LEADER
fixed length control field 00264nam a2200109Ia 4500
100 ## - MAIN ENTRY--AUTHOR NAME
Personal name Kumar, Grama
245 #0 - TITLE STATEMENT
Title Introduction To Parallel Computing
260 ## - PUBLICATION, DISTRIBUTION, ETC. (IMPRINT)
Place of publication New York
Name of publisher CRC
Year of publication 1994
300 ## - PHYSICAL DESCRIPTION
Number of Pages 597
942 ## - ADDED ENTRY ELEMENTS (KOHA)
Koha item type Books
Holdings
Withdrawn status Lost status Collection code Permanent Location Current Location Shelving location Date acquired Full call number Accession Number Koha item type
    Electrical Engineering MAJU MAJU Shelf No.A25 2019-09-11 005.2 94 Electrical Engineering

Powered by Koha